| 000 | 00678nam a22001937a 4500 | ||
|---|---|---|---|
| 999 |
_c176057 _d176057 |
||
| 005 | 20201026112829.0 | ||
| 010 | _aUR-10910 | ||
| 020 |
_c99.00 _a9789389733266 |
||
| 035 | _aU-9465 | ||
| 037 | _bDBAD/PUB | ||
| 082 | _a844.08 | ||
| 100 | _dشگو فہ تمنا | ||
| 245 |
_aعر ق ر يز ی (تحقيقی وتنقيد ی مضا مين ) _cشگو فہ تمنا |
||
| 246 |
_bArq Rezi (Urdu) _aby Shagufa Tammana |
||
| 260 |
_aN.Delhi _bEducational Publishing House _c2019 ء |
||
| 270 |
_aH.O.D1/16,Ansari Road,Darya ganj, _bN.Delhi _e110002 _k45678285,23216162 _l0091-11-23211540 |
||
| 300 |
_a128 ص _c22 Cm(Hb) |
||
| 942 |
_2ddc _cUR _h844.08 _mش گ و |
||